Система связи FSO: результаты тестирования в условиях сильной турбулентности и ошибки наведения; Современные проблемы радиоэлектроники и телекоммуникаций «РТ - 2022»

ग्रंथसूची विवरण
Parent link:Современные проблемы радиоэлектроники и телекоммуникаций «РТ - 2022».— 2022.— [С. 165]
मुख्य लेखक: Али М. Ф. Мохаммад Фуркан
निगमित लेखक: Национальный исследовательский Томский политехнический университет Инженерная школа информационных технологий и робототехники Научно-образовательный центр "Автоматизация и информационные технологии"
अन्य लेखक: Курбонов К. С. Комрон Сулаймонович
सारांश:Заглавие с экрана
В работе рассматривается результат применения методов FSO-связи, Малага и Гамма-Гамма распределения, модуляции интенсивности или прямого обнаружения при работе систем связи в сложных условиях.
In the paper, the results of applying FSO-communication, Gamma-Gamma and Malaga distribution, intensity modulation/direct detection (IM/DD) methods, when organizing communication systems in complex environments, are discussed.
भाषा:रूसी
प्रकाशित: 2022
विषय:
ऑनलाइन पहुंच:https://rt-sevastopol.ru/conf2022/rt-2022v3.pdf#page=165
स्वरूप: MixedMaterials इलेक्ट्रोनिक पुस्तक अध्याय
KOHA link:https://koha.lib.tpu.ru/cgi-bin/koha/opac-detail.pl?biblionumber=668972

MARC

LEADER 00000naa0a2200000 4500
001 668972
005 20250703135219.0
035 |a (RuTPU)RU\TPU\network\40209 
035 |a RU\TPU\network\40159 
090 |a 668972 
100 |a 20230206d2022 k y0rusy50 ca 
101 0 |a rus 
102 |a RU 
135 |a drcn ---uucaa 
181 0 |a i  
182 0 |a b 
200 1 |a Система связи FSO: результаты тестирования в условиях сильной турбулентности и ошибки наведения  |d Performance of FSO communication system in strong turbulence with pointing error conditions  |f М. Ф. Али, К. С. Курбонов 
203 |a Текст  |c электронный 
300 |a Заглавие с экрана 
320 |a [Библиогр.: 5 назв.] 
330 |a В работе рассматривается результат применения методов FSO-связи, Малага и Гамма-Гамма распределения, модуляции интенсивности или прямого обнаружения при работе систем связи в сложных условиях. 
330 |a In the paper, the results of applying FSO-communication, Gamma-Gamma and Malaga distribution, intensity modulation/direct detection (IM/DD) methods, when organizing communication systems in complex environments, are discussed. 
463 |t Современные проблемы радиоэлектроники и телекоммуникаций «РТ - 2022»  |o материалы 18-ой международной молодёжныйнаучно-технической конференции, Севастополь, 10-14 октября 2022 г.  |v [С. 165]  |d 2022 
510 1 |a Performance of FSO communication system in strong turbulence with pointing error conditions  |z eng 
610 1 |a электронный ресурс 
610 1 |a труды учёных ТПУ 
700 1 |a Али  |b М. Ф.  |c специалист в области информатики и вычислительной техники  |c инженер-исследователь Томского политехнического университета  |f 1989-  |g Мохаммад Фуркан  |3 (RuTPU)RU\TPU\pers\45860  |9 22005 
701 1 |a Курбонов  |b К. С.  |g Комрон Сулаймонович 
712 0 2 |a Национальный исследовательский Томский политехнический университет  |b Инженерная школа информационных технологий и робототехники  |b Научно-образовательный центр "Автоматизация и информационные технологии"  |3 (RuTPU)RU\TPU\col\27515 
801 2 |a RU  |b 63413507  |c 20230206  |g RCR 
850 |a 63413507 
856 4 |u https://rt-sevastopol.ru/conf2022/rt-2022v3.pdf#page=165  |z https://rt-sevastopol.ru/conf2022/rt-2022v3.pdf#page=165 
942 |c CF